[Event "75th DEN-ch"]
[Site "Randers DEN"]
[Date "1996.??.??"]
[Round "9"]
[White "Hansen, Lars Bo"]
[Black "Andreasen, Per"]
[Result "1-0"]
[WhiteElo "2565"]
[BlackElo "2325"]
[EventDate "1996.??.??"]
[PlyCount "149"]

1.Nf3 g6 2.d4 Bg7 3.g3 d6 4.Bg2 Nc6 5.O-O e5 6.dxe5 dxe5 7.Qxd8+ Nxd8 8.
Rd1 Ne7 9.Na3 f6 10.Ne1 Bd7 11.Nd3 Bc6 12.e4 a5 13.f4 exf4 14.Nxf4 O-O 15.
Nd5 Nxd5 16.exd5 Bd7 17.Bf4 f5 18.c3 Rc8 19.Nc4 a4 20.a3 Nf7 21.d6 g5 22.
Be3 Be6 23.Na5 Nxd6 24.Bxg5 Ra8 25.Nxb7 Nxb7 26.Bxb7 Rab8 27.Bc6 Rxb2 28.
Bxa4 Bxc3 29.Rac1 Be5 30.Bc6 f4 31.Bd5 Bxd5 32.Rxd5 Bd6 33.Bxf4 Bxf4 34.
gxf4 Rxf4 35.Rxc7 Rf7 36.Rxf7 Kxf7 37.Rf5+ Kg6 38.Rf2 Rb5 39.Ra2 Ra5 40.
Kf2 Kf5 41.Ke3 Ke5 42.a4 Ke6 43.Kf4 Kf6 44.Ra3 Kf7 45.Ke4 Ke6 46.Kd4 Kd6 
47.Kc4 Kc6 48.Ra2 Kc7 49.Rc2 Kb6 50.Rb2+ Ka6 51.Ra2 Rf5 52.Kd4 Ka5 53.Ke4 
Rh5 54.Kf4 Rc5 55.Kg4 Rd5 56.Ra1 Rc5 57.h3 Rd5 58.Kh4 Rc5 59.Rb1 Kxa4 60.
Rb7 h5 61.Rh7 Kb4 62.Rxh5 Rc4+ 63.Kg5 Kc5 64.Rh6 Kd5 65.h4 Ke5 66.Ra6 Rc1 
67.h5 Rg1+ 68.Kh6 Rh1 69.Kg7 Kf5 70.h6 Rg1+ 71.Kf7 Rh1 72.Ra5+ Kf4 73.Kg7 
Rg1+ 74.Kh8 Rg2 75.h7 1-0

[Event "75th DEN-ch"]
[Site "Randers DEN"]
[Date "1996.??.??"]
[Round "9"]
[White "Hansen, Sune Berg"]
[Black "Mortensen, Erling"]
[Result "1-0"]
[WhiteElo "2495"]
[BlackElo "2430"]
[EventDate "1996.??.??"]
[PlyCount "75"]

1.e4 c5 2.Nf3 d6 3.d4 cxd4 4.Nxd4 Nf6 5.Nc3 a6 6.Be2 e5 7.Nb3 Be7 8.O-O 
O-O 9.Kh1 Nc6 10.f4 exf4 11.Bxf4 Be6 12.Nd4 Nxd4 13.Qxd4 Qc7 14.Rad1 Rad8 
15.Rd2 Rd7 16.Rfd1 Rb8 17.a4 Rc8 18.Qe3 Qc5 19.Qxc5 dxc5 20.e5 Rxd2 21.
Rxd2 Nd7 22.Bf3 Rb8 23.Rxd7 Bxd7 24.e6 Rd8 25.exd7 Rxd7 26.Nd5 Bd6 27.Bg5 
b5 28.Nb6 Rc7 29.Bd8 Ra7 30.Bc6 Be7 31.Nc8 Bxd8 32.Nxa7 bxa4 33.Bxa4 Kf8 
34.Nc6 Bc7 35.h3 h5 36.Kg1 g5 37.g4 hxg4 38.hxg4 1-0

[Event "75th DEN-ch"]
[Site "Randers DEN"]
[Date "1996.??.??"]
[Round "9"]
[White "Kristiansen, Jens"]
[Black "Borge, Nikolaj"]
[Result "1/2-1/2"]
[WhiteElo "2440"]
[BlackElo "2455"]
[EventDate "1996.??.??"]
[PlyCount "56"]

1.e4 c5 2.Nf3 d6 3.d4 cxd4 4.Nxd4 Nf6 5.Nc3 g6 6.Bc4 Bg7 7.O-O O-O 8.Re1 
Nc6 9.h3 Bd7 10.Bb3 Qa5 11.Be3 Rfe8 12.Qd2 Nxe4 13.Nxc6 Qxc3 14.bxc3 Nxd2 
15.Nxe7+ Rxe7 16.Bxd2 Rxe1+ 17.Rxe1 Bc6 18.Re7 d5 19.Re3 Rd8 20.Rd3 Rd7 
21.Be3 b5 22.Bc5 f5 23.f4 a5 24.a3 Bf8 25.Bxf8 Kxf8 26.Kf2 Ke7 27.Re3+ Kd6
28.Re5 a4 1/2-1/2

[Event "75th DEN-ch"]
[Site "Randers DEN"]
[Date "1996.??.??"]
[Round "9"]
[White "Schandorff, Lars"]
[Black "Hoei, Carsten"]
[Result "1-0"]
[WhiteElo "2485"]
[BlackElo "2435"]
[EventDate "1996.??.??"]
[PlyCount "59"]

1.e4 d6 2.d4 Nf6 3.Nc3 g6 4.Be3 c6 5.Qd2 Nbd7 6.Nf3 Bg7 7.h3 Qc7 8.a4 O-O 
9.a5 e5 10.dxe5 Nxe5 11.Be2 Be6 12.O-O Rfd8 13.Bg5 Rd7 14.Rfd1 Nxf3+ 15.
Bxf3 d5 16.Bf4 Qd8 17.exd5 Nxd5 18.Nxd5 Bxd5 19.c4 Be6 20.Qb4 c5 21.Qxc5 
Bxb2 22.Rxd7 Qxd7 23.Rd1 Qa4 24.Qb5 Qxc4 25.Qxb7 Rc8 26.Be3 Be5 27.Qxa7 
Qh4 28.a6 Rc2 29.Qa8+ Kg7 30.Qe4 1-0